Gối đầu lên cỏ
Αποθηκεύτηκε σε:
| Κύριος συγγραφέας: | |
|---|---|
| Άλλοι συγγραφείς: | |
| Μορφή: | Βιβλίο |
| Γλώσσα: | Vietnamese Japanese |
| Έκδοση: |
H.
Công ty Sách Phương Nam Hội Nhà văn
2012
|
| Σειρά: | Tủ sách Tinh hoa văn học
|
| Θέματα: | |
| Ετικέτες: |
Προσθήκη ετικέτας
Δεν υπάρχουν, Καταχωρήστε ετικέτα πρώτοι!
|
| Thư viện lưu trữ: | Mạng thư viện Đại học Đà Nẵng |
|---|
| LEADER | 01474aam a22004098a 4500 | ||
|---|---|---|---|
| 001 | 000018215 | ||
| 003 | 14642 | ||
| 005 | 20131007101035.0 | ||
| 008 | 130924s2012 viesd | ||
| 020 | |c 56000đ |d 1500b | ||
| 041 | 1 | |a vie |h jpn |h jpn | |
| 082 | 1 | 4 | |2 14 |a 895.634 |b SO-N |
| 100 | 1 | |a Soseki, Natsume | |
| 245 | 1 | 0 | |a Gối đầu lên cỏ |c Natsume Soseki ; Lan Anh dịch |
| 260 | |a H. |b Công ty Sách Phương Nam |b Hội Nhà văn |c 2012 | ||
| 300 | |a 226 tr. |c 19 cm. | ||
| 490 | 0 | |a Tủ sách Tinh hoa văn học | |
| 534 | |a Dịch từ nguyên tác tiếng Nhật: 草枕 (Kusamakura) | ||
| 600 | 1 | 4 | |a Soseki, Natsume |d 1867-1916 |t Gối đầu lên cỏ |
| 650 | 0 | 4 | |a Tiểu thuyết Nhật Bản |x Văn học hiện đại |
| 650 | 0 | 4 | |a Văn học Nhật Bản |x Tiểu thuyết |
| 650 | 7 | |2 Bộ TK TVQG | |
| 651 | 7 | |2 Bộ TK TVQG |a Nhật Bản | |
| 653 | |a Tiểu thuyết Nhật | ||
| 653 | |a Văn học Nhật | ||
| 655 | 7 | |2 Bộ TK TVQG |a Tiểu thuyết | |
| 700 | 0 | |a Lan Anh |e dịch | |
| OWN | |a LSP | ||
| AVA | |a UDN50 |b LSP |d 895.634 SO-N |e available |t Error 5001 Not defined in file expand_doc_bib_avail. |f 6 |g 0 |h N |i 1 |k 1 | ||
| 999 | |a From the UDN01 | ||
| AVA | |a UDN50 |b LSP |d 895.634 SO-N |e available |t Error 5001 Not defined in file expand_doc_bib_avail. |f 6 |g 0 |h N |i 1 |k 1 | ||
| TYP | |a Monograph | ||
| TYP | |a Printed language | ||
| 980 | |a Mạng thư viện Đại học Đà Nẵng | ||